Sborníky o živote a diele našich klasikov Timrava v kritike a spomienkach

Bibliographic Details
Main Author: Dvonč, Ladislav, 1926-2003 (Author)
Format: Article
Language:Slovak
Subjects:

MARC

LEADER 00000nab a2200000 a 4500
001 vtls009155628
003 SK-MaSNL
005 20260304151559.0
008 250506c1959 xo ||||||o| ||00 b|slo
015 |a SNBRB2007/11  |2 snkbucl 
035 |a (uuid)5697a87b-602f-4fcc-8a3f-615e1a737c6e 
035 |a urn:nbn:sk:snk-abc2ff 
035 |a (urnnbn)urn:nbn:sk:snk:ar-002siv 
038 |a SNKBUCL 
040 |a SNKBUCL  |b slo  |c SNKBUCL  |e AACR2 
041 0 |a slo 
044 |a xo  |c SK 
080 |a 82:929:821.162.4  |x (048)  |2 1997 
080 |a 821.162.4:929  |x (048)  |2 1997 
100 1 |a Dvonč, Ladislav,  |d 1926-2003  |4 aut  |9 101854 
245 1 0 |a Sborníky o živote a diele našich klasikov  |b Timrava v kritike a spomienkach  |c L.Dvonč 
246 3 |a Timrava v kritike a spomienkach 
600 0 7 |a Timrava,  |d 1867-1951  |2 snkbucl  |9 37213 
655 7 |a recenzie  |2 snkbucl  |9 21907 
773 0 |t Slovenská reč  |g Roč. XXIV, č. 5 (1959), s. 309-311 
787 0 8 |i Rec.:  |t Timrava v kritike a spomienkach  |d Bratislava : Slovenské vydavateľstvo krásnej literatúry, 1958 
850 |a Slovenská národná knižnica 
852 |a Slovenská národná knižnica 
954 |a odborná, vedecká literatúra pôvodná (slovenská)  |2 lita 
958 |a article15 
958 |a OND 
958 |a RC 
958 |a LX 
958 |a SK 
958 |a EUIPO 
999 |c 2944613  |d 2946543